000 00617nam a22002297a 4500
001 00028631
005 20260325083357.0
008 260325b ag ||||| |||| 00| 0 spa d
020 _a9501241548
040 _aAR-CcCEOS
_bspa
_cAR-CcCEOS
041 _aspa
080 _a159.9
090 _bMAS
100 1 _aMasotta, Oscar,
_d1930-1979
_9959
245 _aLecturas de psiconalisis Freud, Lacan /
_cOscar Masotta
250 _a2ª reimp.
264 _aBuenos Aires :
_bPaidós,
_cc1995.
300 _a211 p. ;
_c24x15 cm.
650 0 _afilosofía
_9153
655 0 _apsicoanalisis
_9442
942 _2udc
_cBK
_n0
999 _c28663
_d28663